[Event "TORO (Open)"]
[Site "Gatineau"]
[Date "2015.06.??"]
[Round "4"]
[White "Wan, Kevin"]
[Black "Zhou, Qiyu"]
[Result "1-0"]
[BlackElo "2242"]
[WhiteElo "2266"]

1.d4 Nf6 2.c4 e6 3.Nf3 b6 4.g3 Ba6 5.Nbd2 Bb4 6.b3 Bb7 7.Bg2 Bc3 8.Rb1 Be4
9.O-O Bxb1 10.Nxb1 Bb4 11.Ne5 d5 12.c5 bxc5 13.a3 Ba5 14.b4 cxb4 15.Qa4+ c6
16.axb4 Bc7 17.Nxc6 Qd7 18.b5 O-O 19.Ba3 Bd6 20.Rc1 Nxc6 21.bxc6 Qc7 22.Qa6
Rfc8 23.Bxd6 Qxd6 24.Na3 Qb4 25.Bf1 Ne4 26.Nb5 Qb2 27.Ra1 h5 28.Ra2 Qc1 29.c7
Nc3 30.Ra1 Qb2 31.Ra5 Nxe2+ 32.Kg2 Nc3 33.Bd3 Nxb5 34.Rxb5 Qc3 35.Rc5 Qxd4
36.Rc6 e5 37.Bf5 Rf8 38.c8=Q Raxc8 39.Rxc8 g6 40.Bxg6 Rxc8 41.Qxc8+ Kg7
42.Bxh5 a5 43.Qf5 Qe4+ 44.Qxe4 dxe4 45.Bd1 Kf6 46.Kf1 Kg5 47.h4+ Kh6 48.Ke2
f5 49.Ke3 Kg6 50.Ba4 Kh5 51.Be8+ Kh6 52.Bd7 Kg6 53.h5+ Kg5 54.h6 f4+ 55.gxf4+
exf4+ 56.Kxe4 Kxh6 57.Kxf4 Kg6 58.Ke5 Kf7 59.Ba4 1-0

[Event "TORO (Open)"]
[Site "Gatineau"]
[Date "2015.06.??"]
[Round "4"]
[White "Yao, Sammy"]
[Black "Sadeghi, Saeid"]
[Result "1-0"]
[BlackElo "2085"]
[WhiteElo "2165"]

1.c4 Nf6 2.g3 e6 3.Bg2 d5 4.Nf3 Be7 5.O-O O-O 6.cxd5 exd5 7.d4 c6 8.Nbd2 Bf5
9.Ne5 Nbd7 10.Ndf3 Ng4 11.Nxd7 Bxd7 12.h3 Nf6 13.Ne5 Bc8 14.Bf4 Ne4 15.f3 Ng5
16.Kh2 f6 17.Bxg5 fxe5 18.Bxe7 Qxe7 19.e4 dxe4 20.fxe4 Rxf1 21.Qxf1 exd4
22.Qc4+ Be6 23.Qxd4 a6 24.Qe5 Re8 25.b3 Qd7 26.Qh5 Bf7 27.Rd1 Qe6 28.Qc5 Bg6
29.Rd4 Qe5 30.Qb6 Qe7 31.Rb4 h6 32.a4 Rb8 33.a5 Bf7 34.Rd4 Rc8 35.b4 Qc7
36.Qc5 Rd8 37.e5 Rxd4 38.Qxd4 Be6 39.h4 Qd7 40.Qxd7 Bxd7 41.Bh3 Bxh3 42.Kxh3
Kf7 43.Kg4 g6 44.h5 Kg7 45.e6 Kf6 46.hxg6 Kxg6 47.e7 Kf7 48.Kh5 Kxe7 49.Kxh6
Kf7 50.g4 Kg8 51.g5 Kh8 52.g6 1-0

[Event "TORO (Open)"]
[Site "Gatineau"]
[Date "2015.06.??"]
[Round "4"]
[White "Gauthier, Denis"]
[Black "Kuriliw, Ray"]
[Result "1-0"]
[BlackElo "1992"]
[WhiteElo "1861"]

1.d4 d5 2.c4 c6 3.Nf3 Nf6 4.e3 Bf5 5.Nc3 e6 6.Be2 dxc4 7.Bxc4 Nbd7 8.O-O Nb6
9.Bb3 Bd6 10.Re1 Nfd5 11.e4 Nxc3 12.bxc3 Bg6 13.c4 Be7 14.Ne5 Nd7 15.Nxg6
hxg6 16.Bf4 Nf6 17.Qd3 Qa5 18.d5 Rd8 19.Qe2 Bb4 20.Red1 Bc3 21.Rac1 e5 22.Bd2
Bxd2 23.Rxd2 c5 24.f4 exf4 25.e5 Ng4 26.e6 f5 27.d6 f3 28.Qd1 f2+ $2 ( 
28...Rxd6 $1 29.Rxd6 f2+ 30.Kf1 Rxh2 $19 ) 29.Rxf2 Nxf2 30.Kxf2 a6 31.Qd5 Rh4
32.e7 Rf4+ 33.Kg1 Re4 34.Qg8+ Kd7 35.exd8=Q+ Qxd8 36.Qxg7+ Kc6 37.Qxg6 Qh4
38.Qxf5 Re1+ 39.Rxe1 Qxe1+ 40.Qf1 Qe3+ 41.Kh1 Kxd6 42.Qd1+ Kc7 43.h3 b5
44.Qf3 Qe1+ 45.Kh2 Kb6 46.Qd5 Qf2 47.Qd6+ Ka5 48.a3 bxc4 49.Bxc4 1-0

[Event "TORO (Open)"]
[Site "Gatineau"]
[Date "2015.06.??"]
[Round "4"]
[White "Gelblum, Robert"]
[Black "Desjardins, Michel"]
[Result "1-0"]
[BlackElo "1984"]
[WhiteElo "2288"]

1.Nf3 d5 2.g3 Nf6 3.Bg2 c6 4.O-O Bg4 5.h3 Bxf3 6.Bxf3 e5 7.d3 Nbd7 8.c4 dxc4
9.dxc4 Bc5 10.Nc3 Nb6 11.Qc2 O-O 12.b3 Qe7 13.a3 a5 14.Bb2 Rfd8 15.e3 Rd7
16.Ne4 Nxe4 17.Bxe4 g6 18.Qc3 f6 19.h4 Qe6 20.Rfc1 Qg4 21.Bg2 Rad8 22.Rc2 Rd3
23.Qxa5 Bxe3 24.fxe3 Qxg3 25.Qe1 Qg4 26.Kh2 Rxb3 27.Qf2 Qe6 28.Bh3 f5 29.Rg1
Kf7 30.h5 Rdd3 31.hxg6+ hxg6 32.Bc1 Qf6 33.Qg2 Nd7 34.Rf2 Nc5 35.Bxf5 gxf5
36.Qg8+ Ke7 37.Rg7+ Kd6 38.Qb8+ Ke6 39.Qe8+ Kd6 40.Rg6 Qxg6 41.Qxg6+ Kc7
42.Qg7+ Kb6 43.Qxe5 Rd1 44.Rxf5 1-0

[Event "TORO (Open)"]
[Site "Gatineau"]
[Date "2015.06.??"]
[Round "4"]
[White "Cova, Ramon J."]
[Black "Sambuev, Bator"]
[Result "0-1"]
[BlackElo "2650"]
[WhiteElo "2093"]

1.e4 e6 2.d3 c5 3.Nc3 Nc6 4.f4 g6 5.Nf3 Bg7 6.g3 Nge7 7.Bg2 O-O 8.O-O d6
9.Qe2 Nd4 10.Nxd4 cxd4 11.Nd1 Bd7 12.c4 dxc3 13.Nxc3 Rc8 14.Be3 Qa5 15.Rfc1
Rc7 16.d4 Rfc8 17.e5 dxe5 18.dxe5 Bc6 19.Ne4 Bd5 20.b3 Nf5 21.Bd2 Qa3 22.Qe1
Nd4 23.Nd6 Rxc1 24.Rxc1 Rxc1 25.Bxc1 Qxc1 26.Qxc1 Ne2+ 27.Kf2 Nxc1 28.Bxd5
exd5 29.Nxb7 Nxa2 30.Ke3 f6 31.Kd4 fxe5+ 32.fxe5 Nb4 33.Nd6 Nc6+ 34.Kxd5 Nxe5
35.Nb5 a5 36.Nd4 Ng4 37.Nc6 Nxh2 38.Nxa5 Nf1 39.b4 Bc3 40.Nc6 Bxb4 41.Nxb4
Nxg3 42.Kd4 Kg7 43.Nd5 g5 44.Ke3 Nf5+ 45.Kf3 h5 46.Nc3 Kg6 47.Ne4 Nd4+ 48.Ke3
Nc6 49.Nd6 Ne5 50.Ke4 Ng4 51.Kf3 Nf6 52.Nc4 Kf5 53.Nd6+ Ke6 54.Nc4 Nd5 55.Nd2
Kf5 56.Nf1 g4+ 57.Kg3 Kg5 58.Nh2 h4+ 59.Kg2 Ne3+ 60.Kg1 Kf4 61.Kh1 g3 0-1

[Event "TORO (Open)"]
[Site "Gatineau"]
[Date "2015.06.??"]
[Round "4"]
[White "Valdizon, Armando"]
[Black "Gordon, David"]
[Result "0-1"]
[BlackElo "2300"]
[WhiteElo "2223"]

1.d4 Nf6 2.Nf3 c5 3.c4 e6 4.Nc3 a6 5.g3 cxd4 6.Nxd4 Qc7 7.Qd3 Nc6 8.Nxc6 Qxc6
9.e4 Bb4 10.Bg2 b6 11.Bd2 Bb7 12.O-O Rc8 13.b3 O-O 14.Rfe1 Bc5 15.h3 Ne8
16.Na4 Be7 17.Qf1 e5 18.Rac1 Ba3 19.Rcd1 Nc7 20.Nc3 Rfe8 21.Nb1 Bc5 22.h4 Ne6
23.Bc3 Bd4 24.Bxd4 Nxd4 25.Rd2 b5 26.Rc1 Qb6 27.Qd3 bxc4 28.bxc4 Qc5 29.Rb2
Bc6 30.Na3 Rb8 31.Rd2 Rb4 32.Kh2 Ba4 33.f4 d6 34.h5 h6 35.g4 Reb8 36.g5 Rb2
37.Rc3 Rxd2 38.Qxd2 exf4 39.gxh6 gxh6 40.Qxf4 Qe5 41.Rg3+ Kf8 42.Qxh6+ Ke7
43.Qg5+ Qxg5 44.Rxg5 Rb2 45.Ra5 Bc6 46.Kg3 Bb7 47.h6 Kf8 48.Rg5 Rxa2 49.h7
Rxg2+ 50.Kxg2 Bxe4+ 51.Kf2 Bxh7 52.Ra5 Ke7 53.Rxa6 Nb3 54.Nb5 Nc5 55.Rxd6
Ne4+ 0-1

[Event "TORO (Open)"]
[Site "Gatineau"]
[Date "2015.06.??"]
[Round "4"]
[White "Kellar, Ben"]
[Black "Echavarria-Hidalgo, Fernando"]
[Result "1-0"]
[BlackElo "1871"]
[WhiteElo "2040"]

1.c4 e6 2.Nf3 Nf6 3.g3 c5 4.Bg2 Nc6 5.Nc3 d5 6.cxd5 exd5 7.d4 cxd4 8.Nxd4 Bb4
9.O-O Bxc3 10.bxc3 O-O 11.Bf4 Re8 12.Nb5 Ne5 13.Qd4 Nc6 14.Qc5 Rxe2 15.Nc7
Ne4 16.Bxe4 Rxe4 17.Nxa8 Rxf4 18.gxf4 Be6 19.Rfd1 Qxa8 20.f5 Bxf5 21.Qxd5 Be6
22.Qd6 h5 23.Rd3 Qc8 24.h4 Bg4 25.Re1 Be6 26.Rg3 Bg4 27.f3 Bf5 28.Qd5 g6
29.Kf2 Be6 30.Qxh5 1-0

[Event "TORO (Open)"]
[Site "Gatineau"]
[Date "2015.06.??"]
[Round "4"]
[White "Tomalty, Alan"]
[Black "Fourouzandeh, Ehsan"]
[Result "1-0"]
[BlackElo "1691"]
[WhiteElo "1744"]

1.d4 Nf6 2.Nf3 d5 3.c4 e6 4.e3 Nc6 5.Nc3 Bb4 6.Qb3 Ne4 7.a3 Bxc3+ 8.bxc3 O-O
9.Bd3 f5 10.cxd5 exd5 11.O-O Kh8 12.Nd2 Rb8 13.Qc2 Qe7 14.Nb3 b6 15.f3 Nd6
16.a4 a6 17.Qe2 b5 18.axb5 axb5 19.Nc5 Nc4 20.Bxc4 bxc4 21.e4 fxe4 22.fxe4
Rxf1+ 23.Kxf1 Qf7+ 24.Kg1 Be6 25.e5 h6 26.h3 Ne7 27.Kh2 Ng6 28.Qe3 c6 29.Ra6
Rc8 30.Bd2 Nf8 31.Qg3 Kh7 32.Qe1 Ng6 33.Qc1 Nf8 34.Rb6 Bf5 35.Rb7 Rc7 36.Qb2
Rxb7 37.Nxb7 Qc7 38.Nd6 Bd3 39.g4 c5 40.Be3 cxd4 41.Bxd4 Ne6 42.Qf2 Nxd4
43.Qxd4 Qc6 44.Qf4 Qd7 45.Nf5 g5 46.Qf2 Qf7 47.Kg3 Be4 48.Kh2 Qc7 49.Qd4 Qd7
50.Ng3 Bd3 51.Nh5 Qf7 52.Nf6+ Kg6 53.Nxd5 Qe6 54.Nc7 Qc6 55.Qd6+ Qxd6 56.exd6
Kf7 57.Kg3 Bf1 58.h4 Be2 59.hxg5 hxg5 60.Nb5 Ke8 61.Nd4 Bd1 62.Nf3 Kd7
63.Nxg5 Kxd6 64.Kf4 Kc5 65.Ne4+ Kc6 66.g5 Kd7 67.Ke5 Ke7 68.g6 Kf8 69.Kf6 Kg8
70.Nd6 Bc2 71.Nxc4 1-0

[Event "TORO (Open)"]
[Site "Gatineau"]
[Date "2015.06.??"]
[Round "4"]
[White "Carter, David"]
[Black "Martin, Sam"]
[Result "1/2-1/2"]
[BlackElo "1902"]
[WhiteElo "2174"]

1.d4 Nf6 2.c4 e6 3.Nc3 Bb4 4.e3 O-O 5.Nf3 b6 6.Bd3 Bb7 7.O-O Bxc3 8.bxc3 Ne4
9.Ne1 f5 10.f3 Nf6 11.Qe2 d6 12.e4 fxe4 13.fxe4 e5 14.Nf3 Nbd7 15.a4 a5
16.dxe5 Nxe5 17.Nxe5 dxe5 18.c5 bxc5 19.Ba3 Qd6 20.Qe3 Ba6 21.Bxa6 Qxa6
22.Qxc5 Rfe8 23.Rad1 Qe6 24.Qxc7 Rec8 25.Qd6 Qxd6 26.Bxd6 Nxe4 27.Bxe5 Ra7
28.Rde1 Nc5 29.Ra1 Re7 30.Bd6 Re4 31.Rf4 Rxf4 32.Bxf4 Nd3 33.Bd2 Rc4 34.Kf1
Nc5 35.Ke2 Kf7 36.Kd1 Rxa4 37.Rxa4 Nxa4 38.c4 Nb2+ 39.Kc2 Nxc4 40.Bc3
1/2-1/2

[Event "TORO (Open)"]
[Site "Gatineau"]
[Date "2015.06.??"]
[Round "5"]
[White "Dumont, Felix"]
[Black "Cova, Ramon J."]
[Result "1-0"]
[BlackElo "2093"]
[WhiteElo "2225"]

1.e4 Nf6 2.Nc3 d5 3.e5 Ne4 4.d4 Nxc3 5.bxc3 Bf5 6.Ba3 c6 7.Bd3 Bxd3 8.Qxd3
Nd7 9.e6 fxe6 10.Nf3 e5 11.dxe5 e6 12.Bxf8 Nxf8 13.O-O Ng6 14.Rab1 Qe7 15.c4
O-O 16.cxd5 cxd5 17.c4 Rad8 18.Rb5 dxc4 19.Qxc4 Rf4 20.Qc3 b6 21.h3 Qd7
22.Rb2 Qd5 23.Rd2 Qa8 24.Rfd1 Rdf8 25.Qb3 Rxf3 26.gxf3 Nf4 27.Kh2 Qe8 28.Rd8
Qe7 29.Rxf8+ Kxf8 30.Qc4 Qh4 31.Qc8+ Kf7 32.Qd7+ Kg6 33.Rg1+ Kh5 34.Qf7+ Ng6
35.Qxg7 Qf4+ 36.Rg3 Qh6 37.Qf7 a6 38.h4 b5 39.Kh3 1-0

[Event "TORO (Open)"]
[Site "Gatineau"]
[Date "2015.06.??"]
[Round "5"]
[White "Kellar, Ben"]
[Black "Yao, Sammy"]
[Result "0-1"]
[BlackElo "2165"]
[WhiteElo "2040"]

1.c4 Nf6 2.g3 g6 3.Bg2 Bg7 4.Nc3 d6 5.Nf3 Nbd7 6.O-O O-O 7.Rb1 e5 8.d3 c6
9.e4 Ne8 10.b4 Nc7 11.a4 Ne6 12.Nd2 a5 13.Ba3 axb4 14.Bxb4 Ndc5 15.Nf3 f5
16.exf5 gxf5 17.Re1 Bd7 18.a5 Be8 19.Ne2 Bh5 20.Nh4 f4 21.f3 Qg5 22.g4 Bxg4
23.fxg4 Qxh4 24.Nc3 f3 25.Bxf3 Nf4 26.Bxc5 Nh3+ 27.Kg2 dxc5 28.Ne4 Rxa5
29.Qd2 Nf4+ 30.Kh1 Ra3 31.Nxc5 Nxd3 32.Nxd3 Rxf3 33.Nxe5 Rf2 0-1

[Event "TORO (Open)"]
[Site "Gatineau"]
[Date "2015.06.??"]
[Round "5"]
[White "Sadeghi, Saeid"]
[Black "Tomalty, Alan"]
[Result "1/2-1/2"]
[BlackElo "1744"]
[WhiteElo "2085"]

1.d4 d5 2.c4 c6 3.Nf3 Nf6 4.Nc3 dxc4 5.a4 Bf5 6.e3 e6 7.Bxc4 Nbd7 8.O-O Be7
9.Re1 O-O 10.e4 Bg4 11.Be3 Nb6 12.Bb3 h6 13.a5 Nbd7 14.h3 Bh5 15.Bc2 Re8
16.e5 Nd5 17.g4 Nxe3 18.Rxe3 Bg6 19.Bxg6 fxg6 20.Qd3 g5 21.Qc4 Nf8 22.Ne4 Qd5
23.Qxd5 exd5 24.Ng3 g6 25.Rb3 Rab8 26.Rc1 Rec8 27.Ne1 Ne6 28.Ne2 c5 29.dxc5
Rxc5 30.Rxc5 Bxc5 31.Nd3 Bf8 32.f4 gxf4 33.Nexf4 Kf7 34.Nxe6 Kxe6 35.Nf4+
Kxe5 36.Nxg6+ Ke4 37.Nxf8 Rxf8 38.Rxb7 d4 39.Rxa7 d3 40.Re7+ Kd4 41.Rd7+ Ke3
42.Re7+ Kd4 43.Rd7+ Ke3 44.Re7+ Kd4 1/2-1/2

[Event "TORO (Open)"]
[Site "Gatineau"]
[Date "2015.06.??"]
[Round "5"]
[White "Gunapalan, David"]
[Black "Palsson, Halldor"]
[Result "1/2-1/2"]
[BlackElo "2108"]
[WhiteElo "1902"]

1.e4 e6 2.Nc3 d5 3.Nf3 Nf6 4.e5 Nfd7 5.d4 c5 6.dxc5 Bxc5 7.Bd3 Nc6 8.Qe2 a6
9.a3 Qc7 10.Bf4 Nd4 11.Nxd4 Bxd4 12.O-O Bxe5 13.Nxd5 exd5 14.Bxe5 Nxe5
15.Rfe1 f6 16.f4 O-O 17.fxe5 Be6 18.Kh1 f5 19.Rf1 Rae8 20.c3 Re7 21.Rae1 Ref7
22.Qe3 Re7 23.Qd4 Ref7 24.Rf4 Rc8 25.Ref1 g6 26.h4 Qe7 27.R1f3 Rg7 28.Rg3 Rf8
29.Bc2 Qf7 30.a4 Rc8 31.Bb3 h6 32.Rd3 Rd8 33.c4 g5 34.hxg5 hxg5 35.Rff3
1/2-1/2

[Event "TORO (Open)"]
[Site "Gatineau"]
[Date "2015.06.??"]
[Round "5"]
[White "Fourouzandeh, Ehsan"]
[Black "Potvin, Daniel"]
[Result "0-1"]
[BlackElo "1632"]
[WhiteElo "1691"]

1.d4 b6 2.Nf3 Bb7 3.Bf4 e6 4.e3 Nf6 5.Nbd2 c5 6.dxc5 Bxc5 7.Bd3 O-O 8.Nb3 Be7
9.O-O Nc6 10.a3 Nh5 11.h3 Nxf4 12.exf4 Qc7 13.f5 Bf6 14.Rb1 Rad8 15.Re1 e5
16.c4 d5 17.cxd5 Rxd5 18.Qc2 Qd7 19.Be4 Rd6 20.Nfd2 Rc8 21.Bxc6 Bxc6 22.Rbc1
Bb7 23.Qb1 Rdc6 24.Ne4 Qxf5 25.Nxf6+ Qxf6 26.Rxc6 Rxc6 27.Qe4 Kf8 28.Nd2 Qf4
29.Qd5 Qd4 30.Rxe5 Rc1+ 0-1